00752nam a22002537a 4500003000500000005001700005008004100022010001000063011001000073035001000083040000900093082002000102110000800122245013700130260002300267300002000290490004000310650002300350650002300373700001900396700001800415700002500433830004000458CHAP20220817042706.0971013s1994 r 00010 d a52400 a53372 a57522 cCHAP a574.5bF3f v.14 aFAO aDéveloppement des terres arides et lutte contre la désertificationb: etude bibliographique des expériences des pays de la CEI aRome :bFAO,c1994 a207 p.b: ilus. aFAO. Guía de medio ambientev; 1414aDesertificación.14aRegiones áridas.0 aPlit, Florian.0 aPlit, Joanna.0 aZakowski, Wladyslaw.0 aFAO. Guía de medio ambientev; 14